000 00293nam a22001337a 4500
008 180209b xxu||||| |||| 00| 0 eng d
020 _a7217847074418000600
041 _aeng
080 _a371
100 _a46
101 _aEDU
245 _aKids in the Kitchen
_cClegg, H
942 _2udc
_cBK
999 _c42240
_d42240